| 000 | 00709nam a22002532 4500 | ||
|---|---|---|---|
| 001 | 75086 | ||
| 003 | BD-RjUL | ||
| 005 | 20211209082637.0 | ||
| 008 | 770826s1947 xx 000 0 eng c | ||
| 035 | _a(BD-RJUL)75304 | ||
| 040 |
_aU.S. Army Medical Libr. _cOCP _dEQO _beng |
||
| 041 | _aeng | ||
| 082 |
_223 _a572 _bTHB 1947 |
||
| 100 | 1 |
_aThorpe, William Veale. _9227090 |
|
| 245 | 0 | 0 | _aBiochemistry for medical students. |
| 250 | _a4th ed. | ||
| 260 |
_aLondon : _bChurchill, _c1947. |
||
| 300 |
_aviii, 496 p. _billus. _c21 cm. |
||
| 650 |
_aBiochemistry _9227091 |
||
| 942 |
_2ddc _cBK |
||
| 999 |
_c75086 _d75086 |
||